000 00293nam a22001337a 4500
008 170130b xxu||||| |||| 00| 0 eng d
020 _a9780130483522
041 _aeng
080 _23RD
_a618.2
100 _a2
101 _aINF
245 _aPEDIATRIC NURSING
_cBINDLER, R.C
942 _2udc
_cBK
999 _c3974
_d3974